000 00598nam a22001817a 4500
005 20260128150826.0
008 260128b |||||||| |||| 00| 0 eng d
020 _a9780340809846
050 _aRD 731 .S66 2005
_bC.2
100 _aSolomon, Louis
245 _aApley's Concise System of Orthopaedics and Fractures
250 _aThird Edition
260 _aLondon
_bHodder Arnold
_c2005
300 _axi,
500 _aIncludes index
650 _a1. Orthopedics. 2. Fractures. 3. Bones—Diseases. 4. Musculoskeletal system—Diseases. 5. Surgery, Orthopedic—Textbooks.
942 _2lcc
_cBK
999 _c216500
_d216500